| 000 | 00579nam a2200169Ia 4500 | ||
|---|---|---|---|
| 008 | 131103s9999 xx 000 0 und d | ||
| 040 | _aLoreto College | ||
| 041 | _aEnglish | ||
| 082 |
_a839.7/LAR _bLCLIB |
||
| 245 |
_aSweden's best stories _b an introduction to swedish fiction _ctranslation by Charles Wharton Stork; edited by Hanna Astrup Larsen |
||
| 260 |
_aNew York _bThe American Scandinavian Foundation _cc 1928 |
||
| 300 |
_axxiii,365p. _c 18c.m. |
||
| 650 | _aGerman literature | ||
| 700 | _aStork, Charles Wharton; tr. | ||
| 850 | _aLCLIB/839.7/LAR | ||
| 942 | _cBK | ||
| 999 |
_c22918 _d73397 |
||